000 006940000a22002050004500
003 dpl
005 20081031112326.0
008 081031t xxu||||| |||| 00| 0 eng d
010 _aENG-84668
020 _a8173917388
_c550.00 (hb)
035 _aEN-68201
040 _cdpl
245 _aGlobal terrorism:
_bissues, dimensions and options /
_cedited by Kulwant Kaur
260 _aNew Delhi
_bKanishka Publishers, Distributors
_c2005
300 _axxiv,231p
_c22cm
500 _aIncludes bibliographical references and index
700 _aKulwant Kaur
_ced
942 _2ddc
_cEN
999 _c17972
_d17972